Music Quiz

Random Music or Bands Quiz

1-Word Songs by 1-Word Artists Quiz Stats

Quiz Updated Jun 5, 2016

Also try: Divided Bands
Challenge
Share
Tweet
Score 0/26 Timer 05:00
0 Plays Today
% Correct
Vogue
89.2%
Africa
85.7%
Hello
84.1%
MMMBop
74.6%
Royals
73.3%
Believe
70.6%
Smooth
69.2%
Disturbia
65.8%
Venus
57.7%
Yeah!
57.3%
Irreplaceable
56.1%
Glamorous
54.5%
Rapture
52.1%
% Correct
Timber
50.4%
Cream
50.3%
Amanda
48.6%
Rude
47.5%
Alone
46.7%
Joyride
42.8%
Amazed
42.1%
Pillowtalk
41.1%
Babe
40.9%
Informer
39.5%
Sara
38%
Foolish
24.3%
Incomplete
17.4%

You're not logged in!

Compare scores with friends on all Sporcle quizzes.
Sign Up with Email
OR
Log In

You Might Also Like...

Show Comments

Extras

Top Quizzes Today


Score Distribution

Your Account Isn't Verified!

In order to create a playlist on Sporcle, you need to verify the email address you used during registration. Go to your Sporcle Settings to finish the process.